00364nam a22001097a 4500008004100000020001500041245012700056250001200183260001800195300001700213650002400230220816b |||||||| |||| 00| 0 eng d a0199396511 aThe Oxford Handbook of Positive Psychology/cedited by C.R. Synder, Shane J. Lopez, Lisa M. Edwards, and Susana C. Marques a3rd ed. aUKbOUPc2021 axxix, 1002p. aPositive psychology